Pustynie wchodzące w skład Sahary. - Statystyki

Ogólne statystyki
  • Ten quiz został rozwiązany 12 razy
  • Średni wynik to 5 z 14
Statystyki odpowiedzi
Odpowiedź % Poprawnych
12. Libijska
70%
4. Wielki Erg Wschodni
70%
5. Wielki Erg Zachodni
70%
14. Arabska
50%
1. Al-Dżuf
30%
8. Hamada al-Hamra
30%
9. Ahaggar
20%
13. Bajuda
20%
3. Erg Ikidi
20%
2. Erg Szasz
20%
6. Tadmait
20%
7. Tanizruft
20%
11. Tenere
20%
10. Tibesti
20%
Nie znaleziono quizów pasujących do podanych kryteriów
Rozkład punktacji
Procent ludzi z każdym wynikiem
Percentyl według liczby udzielonych odpowiedzi
Twoja historia wyników
Nie rozwiązałeś tego quizu